000 00548nam a22001697a 4500
999 _c8359
_d8359
008 201117b ||||| |||| 00| 0 eng d
040 _aBMS College of Architecture
100 _aPadmashree
245 _aArt of weaving from yarn to six yards weavers facility centre
300 _aNA
500 _a1BM15AT64
502 _8B,Arch
_NBMS College of Architecture, Visvesvaraya Technological University (VTU)
_aProject report
_d2019
650 _aArt of weaving
700 _aAnirban Pal
_eGuide
700 _aSachin Shetty
_eGuide
942 _2ddc
_cTHE